| 000 | 00684amm a2200253 4500 | ||
|---|---|---|---|
| 008 | 210118s2021 o | cat d | ||
| 041 | _acat | ||
| 041 | _bspa | ||
| 041 | _beng | ||
| 041 | _bfre | ||
| 245 |
_aVelesiVents.cat: Diccionari terminològic _h[en línia] |
||
| 260 |
_a[S.l.] _bVelesiVents.cat _c2021 |
||
| 500 | _aCategoria gramatical, remissions | ||
| 520 | _aaprox. 200 | ||
| 546 | _acatalà | ||
| 592 | _aObra terminològica | ||
| 593 | _aLC | ||
| 650 | 0 |
_atransport marítim _963763 |
|
| 856 | _uhttps://www.velesivents.cat/diccionari | ||
| 901 | _c<2021> | ||
| 902 | _a210118 | ||
| 942 |
_cMO _2ddc _n0 |
||
| 999 |
_c68576 _d68576 |
||